MARC

LEADER 00000nam0a2200000 4500
001 252117
005 20231101232723.0
010 |a 5833802156 
035 |a (RuTPU)RU\TPU\book\274438 
090 |a 252117 
100 |a 20140227d1989 k y0rusy50 ca 
101 0 |a rus 
102 |a TM 
105 |a a z 001zy 
200 1 |a Температурный и радиационный режимы промышленных фотореакторов по производству хлореллы  |f Ч. А. Аманов  |g Академия наук Туркменской ССР 
210 |a Ашхабад  |c Ылым  |d 1989 
215 |a 308 с.  |c ил. 
320 |a Библиогр.: с. 289-302. 
606 1 |a Хлореллы  |x Производство  |2 stltpush  |3 (RuTPU)RU\TPU\subj\33633  |9 55814 
610 1 |a фотореакторы 
610 1 |a температурный режим 
610 1 |a радиационный режим 
610 1 |a микроводоросли 
610 1 |a использование 
610 1 |a коллекторы 
610 1 |a исследования 
610 1 |a технико-экономические показатели 
675 |a 663  |v 3 
700 1 |a Аманов  |b Ч. А. 
712 0 2 |a Академия наук Туркменской ССР  |2 stltpush  |3 (RuTPU)RU\TPU\col\8665 
801 1 |a RU  |b 63413507  |c 20140227 
801 2 |a RU  |b 63413507  |c 20140313  |g RCR 
942 |c BK